[Event "9th EUROPEAN  INDIVIDUAL  WOME"]
[Site "Plovdiv, Bulgaria"]
[Date "2008.04.22"]
[Round "2"]
[Board "1"]
[White "Zimina, Olga"]
[Black "Mammadova, Gulnar"]
[Result "1-0"]
[WhiteElo "2363"]
[BlackElo "2188"]
[PlyCount "51"]
[EventDate "2008.04.21"]
[EventRounds "11"]
[EventCountry "BUL"]

1.e4 d6 2.d4 Nf6 3.Nc3 g6 4.Be3 Bg7 5.Qd2 c6 6.Nf3 b5 7.Bd3 a6 8.h3 Qc7 9.Bh6
Bxh6 10.Qxh6 b4 11.Ne2 Nbd7 12.O-O c5 13.c3 a5 14.Ng3 Rb8 15.Rfe1 bxc3 16.bxc3
cxd4 17.cxd4 Qc3 18.e5 dxe5 19.dxe5 Nd5 20.Rad1 Qc5 21.Ne4 Qc6 22.Nfg5 f6
23.Nd6+ {Diagram #} exd6 24.Bxg6+ hxg6 25.Qxg6+ Kd8 26.Ne6+

[Event "9th EUROPEAN  INDIVIDUAL  WOME"]
[Site "Plovdiv, Bulgaria"]
[Date "2008.04.22"]
[Round "2"]
[Board "1"]
[White "Molchanova, Tatjana"]
[Black "Gavasheli, Ana"]
[Result "1/2-1/2"]
[WhiteElo "2359"]
[BlackElo "2191"]
[PlyCount "132"]
[EventDate "2008.04.21"]
[EventRounds "11"]
[EventCountry "BUL"]

1.e4 c5 2.Nf3 d6 3.d4 cxd4 4.Nxd4 Nf6 5.f3 Nc6 6.c4 Qb6 7.Nc2 g6 8.b3 Bg7 9.Be3
Qd8 10.Qd2 O-O 11.Nc3 Qa5 12.Nd4 Nd7 13.Be2 Nxd4 14.Bxd4 Bxd4 15.Qxd4 Qb6 16.Qd2
Nf6 17.Na4 Qc7 18.O-O Bd7 19.Nc3 a5 20.Kh1 Qc5 21.a3 Bc6 22.Qd3 e5 23.Rfb1 Nh5
24.Bf1 Nf4 25.Qd2 Ne6 26.b4 Qd4 27.Qc2 Qb6 28.b5 Be8 29.Rd1 Nd4 30.Qf2 Qd8
31.Ra2 f5 32.Rad2 fxe4 33.Nxe4 Qe7 34.Rxd4 exd4 35.Qxd4 Rd8 36.a4 Qg7 37.Qb6 Bf7
38.Qxb7 d5 39.cxd5 Bxd5 40.Qb6 Rb8 41.Qxa5 Bxe4 42.fxe4 Qd4 43.Qe1 Qxa4 44.h3
Rbe8 45.Bd3 Qd4 46.Qe2 Kh8 47.Bb1 Rf2 48.Rxd4 Rxe2 49.Rb4 Rb8 50.Bd3 Re3 51.Bc2
Rb6 52.Bb3 Kg7 53.Bd5 Kf6 54.Bc6 Ke5 55.Kg1 Rg3 56.Ra4 Kf4 57.Kh2 Rc3 58.Ra7
Rbxc6 59.bxc6 Rxc6 60.Rxh7 Kxe4 61.Kg3 Kf5 62.Kf3 Kg5 63.h4+ Kf6 64.Kg4 Ra6
65.g3 Ra4+ 66.Kf3 Ra3+ {....}

[Event "9th EUROPEAN  INDIVIDUAL  WOME"]
[Site "Plovdiv, Bulgaria"]
[Date "2008.04.22"]
[Round "2"]
[Board "1"]
[White "Voiska, Margarita"]
[Black "Bulmaga, Irina"]
[Result "1-0"]
[WhiteElo "2339"]
[BlackElo "2106"]
[PlyCount "107"]
[EventDate "2008.04.21"]
[EventRounds "11"]
[EventCountry "BUL"]

1.d4 d5 2.c4 dxc4 3.Nf3 Nf6 4.g3 g6 5.Bg2 Bg7 6.O-O O-O 7.Na3 Nc6 8.Nxc4 Be6
9.b3 Qc8 10.Re1 Rd8 11.Bb2 Bd5 12.e3 Ne4 13.Qe2 a5 14.a3 Qe6 15.Rac1 f6 16.Red1
g5 17.Ne1 g4 18.Nd3 Qf5 19.Nf4 Ng5 20.Nxd5 Nf3+ 21.Bxf3 gxf3 22.Nxe7+ Nxe7
23.Qd3 Qh3 24.Qf1 Qh5 25.Nd2 Nd5 26.e4 Nf4 {Diagram #} 27.gxf4 Bh6 28.Nxf3 Qxf3
29.Rd3 Qxe4 30.Rg3+ Kh8 31.d5 Qxf4 32.Rc4 Qf5 33.Qd3 Rxd5 34.Bxf6+ Qxf6 35.Qxd5
Bf4 36.Rg4 Bd6 37.Qg5 Qa1+ 38.Rc1 Qb2 39.Kg2 Rf8 40.Rc2 Qa1 41.Qxa5 Qf6 42.Qd5
b6 43.b4 Be5 44.Re2 Bc3 45.Rg3 Bd4 46.Rf3 Qg7+ 47.Kf1 Bf6 48.Qc6 Qg6 49.Qxc7 Rd8
50.Rg3 Qh5 51.Qxb6 Bh4 52.Qc5 Qh6 53.Qe5+ Bf6 54.Qe8+

[Event "9th EUROPEAN  INDIVIDUAL  WOME"]
[Site "Plovdiv, Bulgaria"]
[Date "2008.04.22"]
[Round "2"]
[Board "1"]
[White "Sarakauskiene, Zivile"]
[Black "Dworakowska, Joanna"]
[Result "0-1"]
[WhiteElo "2198"]
[BlackElo "2335"]
[PlyCount "88"]
[EventDate "2008.04.21"]
[EventRounds "11"]
[EventCountry "BUL"]

1.e4 c5 2.Nf3 d6 3.d4 cxd4 4.Nxd4 Nf6 5.Nc3 a6 6.Bg5 e6 7.f4 Qc7 8.Qf3 b5 9.Bd3
b4 10.Nd1 Nbd7 11.Ne3 Be7 12.O-O-O Bb7 13.Rhe1 Nc5 14.Ng4 Nxd3+ 15.Rxd3 Qa5
16.Nb3 Qxa2 17.Bxf6 gxf6 18.Nh6 Rc8 19.Qh5 Rf8 20.Rg3 Rc7 21.Ree3 Kd7 22.Qa5
Qxa5 23.Nxa5 Ba8 24.f5 Rfc8 25.Re2 Rc5 26.Nb3 Rc4 27.Rg4 Bf8 28.Ng8 Be7 29.fxe6+
Kxe6 30.Nh6 Bd8 31.Nf5 Bb6 32.Rh4 a5 33.Ng7+ Kd7 34.Nf5 a4 35.Na1 b3 36.Kb1 Bb7
37.cxb3 Rc1+ 38.Ka2 axb3+ 39.Kxb3 Rxa1 40.Rxh7 Rf8 41.h4 Bc6 42.Nh6 Ba4+ 43.Kb4
Ba5+ 44.Kc4 Rd1

[Event "9th EUROPEAN  INDIVIDUAL  WOME"]
[Site "Plovdiv, Bulgaria"]
[Date "2008.04.22"]
[Round "2"]
[Board "1"]
[White "Benderac, Ana"]
[Black "Danelia, Mariam"]
[Result "1-0"]
[WhiteElo "2334"]
[BlackElo "2129"]
[PlyCount "65"]
[EventDate "2008.04.21"]
[EventRounds "11"]
[EventCountry "BUL"]

1.e4 c5 2.Nf3 d6 3.c3 Nf6 4.Be2 Bg4 5.O-O e6 6.d4 cxd4 7.cxd4 Nxe4 8.d5 Nd7
9.Nd4 Bf5 10.g4 Bg6 11.dxe6 fxe6 12.Nxe6 Qc8 13.f3 Nef6 14.Bf4 Ne5 15.Bb5+ Ke7
16.Nd4 a6 17.Ba4 Qc5 18.Be3 Qa5 19.Nc3 b5 20.f4 Rc8 21.fxe5 dxe5 22.Bb3 exd4
23.Bxd4 Nd7 24.Nd5+ Kd8 25.Bb6+ Nxb6 26.Nxb6+ Kc7 27.Rc1+ Kxb6 28.Rxc8 Bc5+
29.Rxc5 Kxc5 30.Qd5+ Kb6 31.Qd4+ Kb7 32.Qxg7+ Qc7 33.Bd5+

[Event "9th EUROPEAN  INDIVIDUAL  WOME"]
[Site "Plovdiv, Bulgaria"]
[Date "2008.04.22"]
[Round "2"]
[Board "1"]
[White "Galunova, Tsveta"]
[Black "Gara, Anita"]
[Result "0-1"]
[WhiteElo "1816"]
[BlackElo "2331"]
[PlyCount "78"]
[EventDate "2008.04.21"]
[EventRounds "11"]
[EventCountry "BUL"]

1.e4 b6 2.d4 Bb7 3.Nc3 e6 4.Nf3 Bb4 5.Bd3 Nf6 6.Qe2 d5 7.e5 Ne4 8.Bd2 Nxd2
9.Qxd2 c5 10.a3 Bxc3 11.bxc3 Ba6 12.O-O O-O 13.a4 Bxd3 14.Qxd3 Nc6 15.Qb5 Rc8
16.dxc5 bxc5 17.c4 Qe7 18.c3 Rfd8 19.Rfd1 d4 20.cxd4 Nxd4 21.Nxd4 cxd4 22.Rab1
h6 23.Qa6 Rc7 24.h3 Qc5 25.Rb7 d3 26.Rxc7 Qxc7 27.c5 d2 28.Qe2 Qxc5 29.Qe4 Rd5
30.Qf3 Qd4 31.a5 Rxa5 32.g3 Rc5 33.Kg2 Rc1 34.Qa8+ Kh7 35.Qf3 a5 36.Qe2 Rxd1
37.Qxd1 a4 38.Kf1 Qd3+ 39.Kg2 a3

[Event "9th EUROPEAN  INDIVIDUAL  WOME"]
[Site "Plovdiv, Bulgaria"]
[Date "2008.04.22"]
[Round "2"]
[Board "1"]
[White "Mamedjarova, Zeinab"]
[Black "Khropova, Larisa"]
[Result "1-0"]
[WhiteElo "2322"]
[BlackElo "2069"]
[PlyCount "81"]
[EventDate "2008.04.21"]
[EventRounds "11"]
[EventCountry "BUL"]

1.d4 e6 2.Bf4 f5 3.e3 Nf6 4.Bd3 Be7 5.Nd2 O-O 6.h3 d6 7.Ngf3 Nc6 8.c3 Qe8 9.g4
Kh8 10.Qc2 Nd5 11.Bh2 Qf7 12.O-O-O e5 13.dxe5 dxe5 14.Nxe5 Nxe5 15.Bxe5 Bf6
16.Bxf6 Nxf6 17.gxf5 Qxa2 18.e4 Bd7 19.f3 b5 20.Nb3 a5 21.Nc5 b4 22.Qb3 Qxb3
23.Nxb3 bxc3 24.bxc3 Ba4 25.Bc2 Nd7 26.Rd4 Bc6 27.Rc4 Ne5 28.Rc5 Rfe8 29.f4 a4
30.Nd4 a3 31.Nxc6 Nxc6 32.Rxc6 Reb8 33.Kd2 a2 34.Ra1 Rb2 35.Kc1 Rb7 36.e5 Kg8
37.Be4 Ra4 38.Bd5+ Kf8 39.Rxa2 Rxf4 40.Ra8+ Ke7 41.Re6+

[Event "9th EUROPEAN  INDIVIDUAL  WOME"]
[Site "Plovdiv, Bulgaria"]
[Date "2008.04.22"]
[Round "2"]
[Board "1"]
[White "Klinova, Masha"]
[Black "Efroimski, Marsel"]
[Result "0-1"]
[WhiteElo "2318"]
[BlackElo "2081"]
[PlyCount "80"]
[EventDate "2008.04.21"]
[EventRounds "11"]
[EventCountry "BUL"]

1.e4 e6 2.Nf3 d5 3.Nc3 Nf6 4.e5 Nfd7 5.d4 c5 6.dxc5 Nc6 7.Bf4 Bxc5 8.Bd3 f6
9.exf6 Nxf6 10.O-O O-O 11.Qe2 Bd7 12.Rae1 Qe7 13.Ne5 Rae8 14.Bg3 a6 15.a3 Nxe5
16.Bxe5 Bc6 17.b4 Bd6 18.f4 Nd7 19.Qh5 g6 20.Bxd6 Qxd6 21.Bxg6 Nf6 22.Qe5 Qxe5
23.fxe5 hxg6 24.exf6 e5 25.g4 Kf7 26.g5 Rh8 27.Rf3 e4 28.Rf4 Rh3 29.Ne2 Reh8
30.Nd4 Rxh2 31.Re2 Rh1+ 32.Kf2 R8h2+ 33.Ke3 Rh3+ 34.Kd2 Rg1 35.Ne6 Rh8 36.Nd4
Rxg5 37.Re3 Rg2+ 38.Kc3 Ba4 39.Re2 Rc8+ 40.Kd2 Rxe2+

[Event "9th EUROPEAN  INDIVIDUAL  WOME"]
[Site "Plovdiv, Bulgaria"]
[Date "2008.04.22"]
[Round "2"]
[Board "1"]
[White "Grapsa, Georgia"]
[Black "Djingarova, Emilia"]
[Result "1/2-1/2"]
[WhiteElo "2098"]
[BlackElo "2301"]
[PlyCount "82"]
[EventDate "2008.04.21"]
[EventRounds "11"]
[EventCountry "BUL"]

1.d4 e6 2.c4 b6 3.Nf3 Bb7 4.g3 Bb4+ 5.Bd2 Bxf3 6.exf3 Bxd2+ 7.Qxd2 d5 8.Bg2 Ne7
9.f4 Nd7 10.Nc3 Nf6 11.O-O O-O 12.Rad1 c6 13.Qe2 Qd6 14.a3 Rfd8 15.b4 Rab8 16.c5
bxc5 17.bxc5 Qc7 18.Qa6 Rb3 19.Na2 Rb5 20.Rb1 Rdb8 21.Rb4 Qb7 22.Ra4 Nf5 23.Qxb7
R8xb7 24.Bh3 Ne7 25.Bg2 g6 26.Nb4 a5 27.Nd3 Nd7 28.Re1 h5 29.Bf1 Kg7 30.Nc1 Ra7
31.Re3 Rb1 32.Nb3 Nf5 33.Rc3 Nf6 34.f3 Rb2 35.Rd3 Ra2 36.Rxa5 Rxa3 37.Rxa7 Rxa7
38.Bh3 Ne7 39.Kf2 Nd7 40.Nd2 Ra4 41.Ke3 Nb8

[Event "9th EUROPEAN  INDIVIDUAL  WOME"]
[Site "Plovdiv, Bulgaria"]
[Date "2008.04.22"]
[Round "2"]
[Board "1"]
[White "Javakhishvili, Lela"]
[Black "Popova, Natalija"]
[Result "1-0"]
[WhiteElo "2466"]
[BlackElo "2239"]
[PlyCount "155"]
[EventDate "2008.04.21"]
[EventRounds "11"]
[EventCountry "BUL"]

1.Nf3 Nf6 2.c4 g6 3.Nc3 d5 4.Qa4+ Bd7 5.Qb3 dxc4 6.Qxc4 Bg7 7.e4 O-O 8.e5 Ne8
9.d4 c6 10.Qb3 Qc8 11.Bc4 Nc7 12.Ng5 Be8 13.O-O Nd7 14.e6 fxe6 15.Nce4 h6
16.Nxe6 Nxe6 17.Bxe6+ Bf7 18.Qh3 Bxe6 19.Qxe6+ Kh7 20.Qxe7 Qe8 21.Qh4 Qd8 22.Qh3
Rf5 23.Ng5+ Kg8 24.Ne6 Qf6 25.Nxg7 Qxg7 26.Qb3+ Kh7 27.Qxb7 Nb6 28.Qxg7+ Kxg7
29.Be3 Nd5 30.Rac1 Rf6 31.Rc4 Re8 32.Rfc1 Ree6 33.a3 g5 34.Ra4 Rf7 35.Ra6 Rc7
36.b4 Kf6 37.Ra5 Rd7 38.h3 Kf5 39.Ra6 Rc7 40.Rc5 Kf6 41.h4 gxh4 42.Bxh6 Kf5
43.Be3 Rg6 44.Raxc6 Rcxc6 45.Rxd5+ Ke6 46.Rh5 Ra6 47.d5+ Kd7 48.Rxh4 Rxa3 49.Bc5
Rg7 50.g3 Rd3 51.Bxa7 Rxd5 52.Rd4 Kc6 53.Rxd5 Kxd5 54.Bc5 Ke4 55.Kg2 Rf7 56.Be3
Rb7 57.Bc5 Rf7 58.Bd6 Kd5 59.Bf4 Kc4 60.Bd2 Kd3 61.Be3 Ke4 62.b5 Rg7 63.b6 Rf7
64.g4 Rd7 65.Kg3 Rd5 66.g5 Kf5 67.Kf3 Rb5 68.Ke2 Rb1 69.Kd3 Ke5 70.Kc4 Kd6 71.f4
Re1 72.Kd3 Ke6 73.Ke4 Rf1 74.Kd4 Re1 75.Kd3 Rb1 76.Kc4 Re1 77.Bd2 Rd1 78.b7

[Event "9th EUROPEAN  INDIVIDUAL  WOME"]
[Site "Plovdiv, Bulgaria"]
[Date "2008.04.22"]
[Round "2"]
[Board "1"]
[White "Gromova, Iulia"]
[Black "Kachiani Gersinska, Ketino"]
[Result "0-1"]
[WhiteElo "2232"]
[BlackElo "2388"]
[PlyCount "68"]
[EventDate "2008.04.21"]
[EventRounds "11"]
[EventCountry "BUL"]

1.d4 Nf6 2.c4 g6 3.Nc3 Bg7 4.e4 d6 5.f3 O-O 6.Be3 c5 7.d5 e6 8.Nge2 exd5 9.cxd5
a6 10.a4 Nbd7 11.Ng3 h5 12.Be2 Nh7 13.O-O h4 14.Nh1 f5 15.Qd2 Qf6 16.Bh6 Bxh6
17.Qxh6 f4 18.g3 Ne5 19.Qxf4 Qxf4 20.gxf4 Rxf4 21.Nb1 Bh3 22.Rf2 Raf8 23.Nd2 Ng5
24.Ra3 b5 25.axb5 axb5 26.Ra6 R8f6 27.Ra8+ Kg7 28.Ra7+ Kh6 29.Ra3 b4 30.Re3 c4
31.Ng3 Kh7 32.Nxc4 Nxc4 33.Bxc4 hxg3 34.hxg3 Rxf3

[Event "9th EUROPEAN  INDIVIDUAL  WOME"]
[Site "Plovdiv, Bulgaria"]
[Date "2008.04.22"]
[Round "2"]
[Board "1"]
[White "Cosma, Elena Luminita"]
[Black "Mijovic, Aleksandra"]
[Result "1/2-1/2"]
[WhiteElo "2374"]
[BlackElo "2222"]
[PlyCount "87"]
[EventDate "2008.04.21"]
[EventRounds "11"]
[EventCountry "BUL"]

1.d4 d5 2.c4 e6 3.Nf3 c6 4.Qc2 Nf6 5.g3 Be7 6.Bg2 O-O 7.O-O Ne4 8.b3 Nd7 9.Ba3
Bxa3 10.Nxa3 Qe7 11.Qb2 f5 12.Nc2 f4 13.Nce1 fxg3 14.hxg3 Rf6 15.Nd3 Qf7 16.Qc1
Rh6 17.Qf4 Ndf6 18.Nde5 Qe7 19.Nd2 Nxd2 20.Qxd2 Bd7 21.Qe3 Rf8 22.c5 Be8 23.Bf3
Bg6 24.Kg2 Be4 25.Rh1 Rxh1 26.Rxh1 Qc7 27.b4 a5 28.a3 axb4 29.axb4 Ra8 30.Qc3 h6
31.Ra1 Qc8 32.Ra3 Bxf3+ 33.Qxf3 Rxa3 34.Qxa3 Nd7 35.Nf3 b6 36.Qa7 bxc5 37.bxc5
Kh7 38.e3 Kg8 39.Kg1 Kh7 40.Kg2 Kg8 41.Kf1 Kh7 42.Kg1 Kg8 43.Nh4 Kh7 44.Nf3

[Event "9th EUROPEAN  INDIVIDUAL  WOME"]
[Site "Plovdiv, Bulgaria"]
[Date "2008.04.22"]
[Round "2"]
[Board "1"]
[White "Bogumil, Tatiana"]
[Black "Foisor, Cristina Adela"]
[Result "1/2-1/2"]
[WhiteElo "2194"]
[BlackElo "2364"]
[PlyCount "146"]
[EventDate "2008.04.21"]
[EventRounds "11"]
[EventCountry "BUL"]

1.Nf3 Nf6 2.c4 c6 3.b3 g6 4.Bb2 Bg7 5.g3 O-O 6.Bg2 d6 7.d4 Bf5 8.Nc3 Ne4 9.O-O
Nxc3 10.Bxc3 Be4 11.Rc1 Nd7 12.Qd2 Nf6 13.Bh3 Bxf3 14.exf3 d5 15.c5 e6 16.Ba5
Qe7 17.Rfe1 Rfe8 18.Bf1 Nd7 19.f4 b6 20.cxb6 axb6 21.Bc3 Rec8 22.a4 c5 23.Bb5
Nf6 24.f3 Qb7 25.Kg2 c4 26.Bb4 cxb3 27.Rxc8+ Rxc8 28.Rc1 h5 29.Rc3 Ne8 30.Rxb3
Nc7 31.Be2 Ra8 32.Bc5 Rxa4 33.Rxb6 Qa8 34.Rb2 Kh7 35.Bd1 Ra1 36.Qc2 Ne8 37.Rb1
Ra5 38.Be2 Nf6 39.Bb6 Ra2 40.Rb2 Rxb2 41.Qxb2 Nd7 42.Bc7 Qa7 43.Be5 Nb6 44.Qc2
Nd7 45.Bb5 Nxe5 46.dxe5 Bf8 47.h4 Bb4 48.Qa4 Qc7 49.Be8 Bc3 50.Qc6 Qxc6 51.Bxc6
Kg7 52.Kf1 Bd4 53.Ke2 Bc3 54.Bd7 Kf8 55.Bb5 Ke7 56.Ba4 Bb2 57.Bc2 Kf8 58.Ba4 Kg7
59.Bd7 d4 60.Bb5 Bc3 61.Bd3 Kf8 62.Bb5 Ke7 63.Bd3 Kd8 64.Bb5 Ba5 65.Bd3 Ke7
66.Bb5 f6 67.exf6+ Kxf6 68.Bd3 Bc7 69.Bc2 Kf7 70.Be4 e5 71.fxe5 Bxe5 72.f4 Bc7
73.Bd3 Kf6

[Event "9th EUROPEAN  INDIVIDUAL  WOME"]
[Site "Plovdiv, Bulgaria"]
[Date "2008.04.22"]
[Round "2"]
[Board "1"]
[White "Paikidze, Nazi"]
[Black "Nikolova, Adriana"]
[Result "0-1"]
[WhiteElo "2347"]
[BlackElo "2219"]
[PlyCount "78"]
[EventDate "2008.04.21"]
[EventRounds "11"]
[EventCountry "BUL"]

1.d4 Nf6 2.c4 e6 3.Nf3 b6 4.e3 Bb7 5.Bd3 d5 6.O-O Nbd7 7.b3 Bd6 8.Nc3 a6 9.Bb2
Ne4 10.Rc1 O-O 11.Qe2 f5 12.cxd5 exd5 13.g3 Qf6 14.Ne1 Qh6 15.f3 Ng5 16.f4 Ne4
17.Nxe4 fxe4 18.Bb1 Nf6 19.Ng2 Bc8 20.Nh4 a5 21.Rfe1 Bb4 22.Bc3 Be7 23.f5 Ba6
24.Qd1 Ne8 25.Ng2 Rxf5 26.Qg4 Nd6 27.Bb2 Raf8 28.h4 Ne8 29.Nf4 Kh8 30.Nxd5 Rxd5
31.Qxe4 Rd7 32.d5 Nf6 33.Qe6 Rfd8 34.e4 Bb4 35.Bc3 Bxc3 36.Rxc3 Re8 37.Qc6 Qd2
38.Rce3 Ng4 39.Qc3 Qf2+

[Event "9th EUROPEAN  INDIVIDUAL  WOME"]
[Site "Plovdiv, Bulgaria"]
[Date "2008.04.22"]
[Round "2"]
[Board "1"]
[White "Jackova, Jana"]
[Black "Makka, Ioulia"]
[Result "0-1"]
[WhiteElo "2345"]
[BlackElo "2204"]
[PlyCount "78"]
[EventDate "2008.04.21"]
[EventRounds "11"]
[EventCountry "BUL"]

1.e4 e6 2.d4 d5 3.Nc3 Nf6 4.Bg5 dxe4 5.Nxe4 Nbd7 6.Nxf6+ Nxf6 7.Nf3 h6 8.Bh4 Be7
9.Bc4 c5 10.O-O cxd4 11.Qe2 O-O 12.Rfd1 Qb6 13.Nxd4 Qc5 14.Nb3 Qb6 15.a4 Nd5
16.Bg3 Nf6 17.a5 Qc6 18.Bd3 Bd7 19.c3 Rad8 20.Be5 Qc8 21.h3 Be8 22.Bd4 a6 23.c4
Bc6 24.Bb6 Rd7 25.Qe3 Bd8 26.Bd4 Be7 27.Nc5 Rdd8 28.b4 Rfe8 29.f4 Rd6 30.Nb3 Rd7
31.Nc5 Rd6 32.Be2 Red8 33.Rd2 Nd7 34.Nb3 Nf6 35.Nc5 Nd7 36.Nb3 Nf6 37.b5 axb5
38.cxb5 Bd5 39.Rc2 Qxc2

[Event "9th EUROPEAN  INDIVIDUAL  WOME"]
[Site "Plovdiv, Bulgaria"]
[Date "2008.04.22"]
[Round "2"]
[Board "1"]
[White "Galojan, Lilit"]
[Black "Papadopoulou, Vera"]
[Result "1/2-1/2"]
[WhiteElo "2324"]
[BlackElo "2199"]
[PlyCount "92"]
[EventDate "2008.04.21"]
[EventRounds "11"]
[EventCountry "BUL"]

1.d4 Nf6 2.c4 c5 3.d5 b5 4.cxb5 a6 5.bxa6 d6 6.Nc3 Bxa6 7.g3 g6 8.Bg2 Bg7 9.Nf3
Nbd7 10.Rb1 Qa5 11.O-O Ng4 12.Bd2 Nb6 13.Qc2 Nc4 14.Be1 O-O 15.a4 Qb6 16.Bh3 Nf6
17.Bd2 Rfb8 18.Bc1 Qb3 19.Qxb3 Rxb3 20.Nd2 Nxd2 21.Bxd2 Rab8 22.Rfd1 Rxb2
23.Rxb2 Rxb2 24.e4 Bc4 25.Bf1 Bxf1 26.Kxf1 Nd7 27.a5 Nb8 28.Na4 Ra2 29.Nb6 Na6
30.Nc4 h5 31.Bg5 Bd4 32.Rd2 Ra4 33.Rc2 Nb4 34.Rc1 Na2 35.Rc2 Nc3 36.Nb6 Rxa5
37.Bxe7 Nxe4 38.f3 Ra1+ 39.Ke2 Nc3+ 40.Kd3 Na2 41.Kc4 Nb4 42.Re2 Rc1+ 43.Kb5 Rb1
44.Kc4 Rc1+ 45.Kb5 Rb1 46.Kc4 Rc1+

[Event "9th EUROPEAN  INDIVIDUAL  WOME"]
[Site "Plovdiv, Bulgaria"]
[Date "2008.04.22"]
[Round "2"]
[Board "1"]
[White "Lematschko, Tatjana"]
[Black "Akatova, Ekaterina"]
[Result "1/2-1/2"]
[WhiteElo "2189"]
[BlackElo "2320"]
[PlyCount "89"]
[EventDate "2008.04.21"]
[EventRounds "11"]
[EventCountry "BUL"]

1.d4 Nf6 2.c4 g6 3.Nc3 Bg7 4.g3 O-O 5.Bg2 d6 6.h3 c6 7.e3 e5 8.Nge2 Qe7 9.O-O
Rd8 10.e4 Nbd7 11.d5 a5 12.Be3 Nc5 13.dxc6 bxc6 14.Bxc5 dxc5 15.Qa4 Be6 16.Rfd1
Qc7 17.b3 Qb6 18.Rxd8+ Rxd8 19.Rd1 Rxd1+ 20.Nxd1 h5 21.Qa3 Qb4 22.Qxb4 cxb4
23.Nb2 Nd7 24.Nd3 Bf8 25.Kf1 f6 26.Ke1 Kf7 27.Kd2 Ke7 28.Kc2 Kd6 29.Ng1 Bh6
30.Nf3 Nf8 31.Ng1 Bf7 32.Ne2 Ne6 33.Nb2 Bf8 34.Nd3 Be7 35.Kd2 Bd8 36.h4 g5
37.Bh3 Bb6 38.f3 Nd4 39.Nxd4 Bxd4 40.hxg5 fxg5 41.g4 h4 42.Ne1 a4 43.Nd3 Bc3+
44.Ke2 a3 45.Bf1

[Event "9th EUROPEAN  INDIVIDUAL  WOME"]
[Site "Plovdiv, Bulgaria"]
[Date "2008.04.22"]
[Round "2"]
[Board "1"]
[White "Marin, Irina Luiza"]
[Black "Zakurdjaeva, Irina"]
[Result "0-1"]
[WhiteElo "2182"]
[BlackElo "2296"]
[PlyCount "78"]
[EventDate "2008.04.21"]
[EventRounds "11"]
[EventCountry "BUL"]

1.c4 c5 2.g3 Nf6 3.Bg2 e6 4.Nf3 Nc6 5.O-O Be7 6.Nc3 a6 7.d4 cxd4 8.Nxd4 Qc7 9.e4
d6 10.Be3 Bd7 11.f4 Rc8 12.Nxc6 Bxc6 13.Rc1 Qb8 14.g4 b5 15.g5 Nd7 16.cxb5 axb5
17.b4 O-O 18.Qg4 Bd8 19.Kh1 Nb6 20.Rf3 Nc4 21.Bg1 f5 22.gxf6 Rxf6 23.Rg3 Qb7
24.Bd4 e5 25.fxe5 Nxe5 26.Qh5 Rf7 27.Rg1 Bf6 28.Nd5 Bxd5 29.exd5 Rc4 30.Bxe5
Bxe5 31.Rh3 g6 32.Bf3 Rcf4 {Diagram #} 33.Rxg6+ hxg6 34.Qxg6+ Bg7 35.Be4 Rf1+
36.Kg2 R7f2+ 37.Kg3 Rg1+ 38.Kxf2 Rxg6 39.Bxg6 Qxd5

[Event "9th EUROPEAN  INDIVIDUAL  WOME"]
[Site "Plovdiv, Bulgaria"]
[Date "2008.04.22"]
[Round "2"]
[Board "1"]
[White "Aginian, Nelly"]
[Black "Stiri, Alexandra"]
[Result "1-0"]
[WhiteElo "2295"]
[BlackElo "2193"]
[PlyCount "69"]
[EventDate "2008.04.21"]
[EventRounds "11"]
[EventCountry "BUL"]

1.e4 c5 2.Nf3 e6 3.d4 cxd4 4.Nxd4 Nf6 5.Nc3 Nc6 6.Ndb5 Bc5 7.Nd6+ Ke7 8.Bf4 e5
9.Nxc8+ Rxc8 10.Bg5 Bb4 11.Qd3 Bxc3+ 12.bxc3 h6 13.Bxf6+ gxf6 14.Be2 Qc7 15.O-O
Nd8 16.Rfd1 Ne6 17.Rab1 Nf4 18.Qd2 Rhg8 19.Bf3 b6 20.Kh1 d6 21.Rb3 Ne6 22.g3 Nc5
23.Rb4 a5 24.Rb5 Na4 25.c4 Qc6 26.Rd5 Rcd8 27.Be2 Nb2 28.Rb1 Nxc4 29.Bxc4 Qxc4
30.Rxb6 Qxe4+ 31.Kg1 Rb8 32.Rdxd6 Rxb6 33.Rxb6 Rd8 34.Qc1 Qf3 35.Rb1

[Event "9th EUROPEAN  INDIVIDUAL  WOME"]
[Site "Plovdiv, Bulgaria"]
[Date "2008.04.22"]
[Round "2"]
[Board "1"]
[White "Fakhiridou, Ekaterini"]
[Black "Videnova, Iva"]
[Result "1-0"]
[WhiteElo "2292"]
[BlackElo "2178"]
[PlyCount "89"]
[EventDate "2008.04.21"]
[EventRounds "11"]
[EventCountry "BUL"]

1.e4 c5 2.Nf3 d6 3.c3 Nf6 4.Bd3 Bg4 5.h3 Bh5 6.Qe2 Nc6 7.g4 Bg6 8.Nh4 e6 9.Nxg6
hxg6 10.Bc2 Be7 11.d3 d5 12.Nd2 Qc7 13.Nf1 O-O-O 14.Bd2 Rh7 15.O-O-O Rdh8 16.g5
Nd7 17.exd5 exd5 18.Qf3 Nde5 19.Qxd5 Rxh3 20.Rxh3 Rxh3 21.Be3 Qd7 22.Bb3 Qxd5
23.Bxd5 Nd8 24.Kc2 Nf3 25.Bxf3 Rxf3 26.Nd2 Rf5 27.Ne4 Ne6 28.d4 cxd4 29.cxd4 Kd7
30.Rg1 Bd8 31.Kd3 Bb6 32.Kc4 Ra5 33.Nc3 Bd8 34.d5 Nc7 35.a4 Ra6 36.b4 Kc8 37.Bc5
Ne8 38.b5 Rd6 39.Bxd6 Nxd6+ 40.Kd3 Bb6 41.Ne4 Nf5 42.Rh1 Kd7 43.Rh8 Ne7 44.Kc4
Nf5 45.Rf8

[Event "9th EUROPEAN  INDIVIDUAL  WOME"]
[Site "Plovdiv, Bulgaria"]
[Date "2008.04.22"]
[Round "2"]
[Board "1"]
[White "Voicu, Carmen"]
[Black "Minina, Veronika"]
[Result "0-1"]
[WhiteElo "2290"]
[BlackElo "2148"]
[PlyCount "122"]
[EventDate "2008.04.21"]
[EventRounds "11"]
[EventCountry "BUL"]

1.d4 Nf6 2.Nf3 g6 3.Nc3 d5 4.g3 Bg7 5.Bg2 b6 6.Bf4 Bb7 7.O-O O-O 8.Qc1 c5 9.Rd1
Nbd7 10.Bh6 Rc8 11.Bxg7 Kxg7 12.a4 a6 13.e3 Qc7 14.Qd2 Rfd8 15.Ng5 e5 16.Rac1
Bc6 17.Qe2 Qb7 18.Bf1 h6 19.Nh3 exd4 20.exd4 cxd4 21.Rxd4 Nc5 22.Nf4 g5 23.b4
Nxa4 24.Nxa4 Bxa4 25.Nh5+ Nxh5 26.Qxh5 Rxc2 27.Rxc2 Bxc2 28.Qe2 Qc6 29.Qxa6 Be4
30.Qa1 Ra8 31.Qb2 Qf6 32.Bg2 Ra2 33.Qxa2 Qxd4 34.Bxe4 Qxe4 35.Qa8 Qb1+ 36.Kg2 d4
37.Qd5 Qxb4 38.Qe5+ Kg8 39.Qb8+ Kg7 40.Qe5+ Kh7 41.Qe4+ Kg8 42.h4 Qc5 43.hxg5
hxg5 44.f4 gxf4 45.gxf4 b5 46.f5 b4 47.Qf4 Qd5+ 48.Kg1 f6 49.Qb8+ Kf7 50.Qc7+
Ke8 51.Qb8+ Kd7 52.Qxb4 d3 53.Qa4+ Kd6 54.Qf4+ Kc5 55.Qc7+ Kb5 56.Qb8+ Kc4
57.Qb1 d2 58.Qc2+ Kb5 59.Qb2+ Kc6 60.Qxf6+ Qd6 61.Qc3+ Qc5+

[Event "9th EUROPEAN  INDIVIDUAL  WOME"]
[Site "Plovdiv, Bulgaria"]
[Date "2008.04.22"]
[Round "2"]
[Board "1"]
[White "Zhorzholiani, Meri"]
[Black "Srebrnic, Ana"]
[Result "1/2-1/2"]
[WhiteElo "2133"]
[BlackElo "2283"]
[PlyCount "43"]
[EventDate "2008.04.21"]
[EventRounds "11"]
[EventCountry "BUL"]

1.d4 d6 2.c4 e5 3.Nc3 exd4 4.Qxd4 Nc6 5.Qd2 Nf6 6.Nf3 Be6 7.e3 a5 8.Be2 g6 9.O-O
Bg7 10.Rb1 a4 11.b3 axb3 12.axb3 O-O 13.Bb2 d5 14.Ng5 Bf5 15.Rbd1 dxc4 16.Qxd8
Raxd8 17.Bxc4 h6 18.Rxd8 Rxd8 19.Nf3 Ne4 20.Na4 Bxb2 21.Nxb2 Nd6 22.Nd4

[Event "9th EUROPEAN  INDIVIDUAL  WOME"]
[Site "Plovdiv, Bulgaria"]
[Date "2008.04.22"]
[Round "2"]
[Board "1"]
[White "Andriasian, Siranush"]
[Black "Coimbra, Margarida"]
[Result "1-0"]
[WhiteElo "2278"]
[BlackElo "2120"]
[PlyCount "89"]
[EventDate "2008.04.21"]
[EventRounds "11"]
[EventCountry "BUL"]

1.e4 e5 2.Bc4 Nc6 3.d3 Nf6 4.Nf3 Bc5 5.c3 d6 6.O-O a6 7.Bb3 Ba7 8.Nbd2 O-O 9.h3
Nh5 10.Re1 Nf4 11.Nf1 Qf6 12.Be3 Ne7 13.d4 Neg6 14.Ng3 c6 15.Nh5 Qe7 16.Bxf4
Nxf4 17.Nxf4 exf4 18.e5 dxe5 19.Nxe5 Qg5 20.Nxf7 Qf6 21.Qh5 Bf5 22.Qxf5 Qxf5
23.Nh6+ Kh8 24.Nxf5 Rxf5 25.Re7 Rb8 26.Rae1 Rff8 27.Rd7 Rfd8 28.Rf7 Rf8 29.Ree7
Rxf7 30.Rxf7 g5 31.Bc2 Kg8 32.Rxh7 Bb6 33.Rd7 Bd8 34.Be4 Bf6 35.d5 c5 36.d6 b6
37.Bd5+ Kh8 38.Rf7 Bg7 39.h4 Rd8 40.d7 g4 41.Be6 g3 42.Rxf4 gxf2+ 43.Kxf2 Be5
44.Rf7 Bc7 45.g4

[Event "9th EUROPEAN  INDIVIDUAL  WOME"]
[Site "Plovdiv, Bulgaria"]
[Date "2008.04.22"]
[Round "2"]
[Board "1"]
[White "Ivkina, Olga"]
[Black "Ni, Viktorija"]
[Result "0-1"]
[WhiteElo "2278"]
[BlackElo "2120"]
[PlyCount "98"]
[EventDate "2008.04.21"]
[EventRounds "11"]
[EventCountry "BUL"]

1.e4 c5 2.Nf3 e6 3.d4 cxd4 4.Nxd4 a6 5.Bd3 Bc5 6.Nb3 Ba7 7.Qg4 Nf6 8.Qg3 d6
9.O-O O-O 10.Bg5 e5 11.Nc3 Be6 12.Kh1 Kh8 13.f4 Nbd7 14.Qh4 Be3 15.Nd5 Bxd5
16.exd5 Bxf4 17.Rxf4 {Diagram #} exf4 18.Bxh7 Qb6 19.Bd3+ Kg8 20.Rf1 Rfe8
21.Rxf4 Re5 22.Rf1 Rae8 23.Nd2 Qc5 24.c4 b5 25.b3 bxc4 26.bxc4 Qa3 27.Bb1 Re2
28.Bf5 Qb2 29.Nf3 Rxg2 30.Qh3 Rf2 31.Rg1 Qe2 32.Nd4 Qe5 33.Bh6 Rxf5 34.Qxf5 Qxd4
35.Bxg7 Qe4+ 36.Qxe4 Nxe4 37.Bd4+ Kf8 38.h4 Ne5 39.h5 Ke7 40.Re1 f5 41.Rg1 Rh8
42.Rg7+ Kf6 43.Ra7 Rxh5+ 44.Kg2 f4 45.Bxe5+ Kxe5 46.Rxa6 Rg5+ 47.Kf1 Kd4 48.Ra8
f3 49.Re8 f2

[Event "9th EUROPEAN  INDIVIDUAL  WOME"]
[Site "Plovdiv, Bulgaria"]
[Date "2008.04.22"]
[Round "2"]
[Board "1"]
[White "Mamedjarova, Turkan"]
[Black "De Rosa, Maria"]
[Result "1-0"]
[WhiteElo "2271"]
[BlackElo "2094"]
[PlyCount "37"]
[EventDate "2008.04.21"]
[EventRounds "11"]
[EventCountry "BUL"]

1.d4 c5 2.d5 e5 3.e4 g6 4.c4 Bh6 5.Bxh6 Nxh6 6.d6 Qa5+ 7.Nc3 f6 8.Qd2 Nf7
9.O-O-O Nc6 10.f4 O-O 11.fxe5 fxe5 12.h4 Nd4 13.h5 a6 14.hxg6 hxg6 15.Rh2 Kg7
16.Nd5 Qd8 17.Nf3 b5 18.Ne7 Bb7 19.Ng5 {.......}